| Tag |
First Indicator |
Second Indicator |
Subfields |
| LEADER |
00000pam a2200000 a 4500 |
| 001 |
in00000071065 |
| 005 |
20151008062034.0 |
| 008 |
790801s1980 pau b 00000 engm |
| 010 |
|
|
|a 79019364
|
| 020 |
|
|
|a 0838721532
|
| 035 |
|
|
|a (OCoLC)05285853
|
| 035 |
|
|
|9 AAJ9388AM
|
| 040 |
|
|
|a DLC
|c DLC
|d m.c.
|d TXA
|d UtOrBLW
|
| 049 |
|
|
|a TXAM
|c [387132]
|
| 050 |
0 |
0 |
|a PR2995
|b .S5
|
| 082 |
0 |
|
|a 822.3/3
|
| 245 |
0 |
0 |
|a Shakespeare's more than words can witness :
|b essays on visual and nonverbal enactment in the plays /
|c edited by Sidney Homan.
|
| 264 |
|
1 |
|a Lewisburg [Pa.] :
|b Bucknell University Press ;
|a London, England :
|b Associated University Presses,
|c [1980]
|
| 264 |
|
4 |
|c ©1980
|
| 300 |
|
|
|a 238 pages ;
|c 24 cm.
|
| 336 |
|
|
|a text
|b txt
|2 rdacontent
|
| 337 |
|
|
|a unmediated
|b n
|2 rdamedia
|
| 338 |
|
|
|a volume
|b nc
|2 rdacarrier
|
| 504 |
|
|
|a Includes bibliographical references.
|
| 600 |
1 |
0 |
|a Shakespeare, William,
|d 1564-1616
|x Dramatic production.
|
| 650 |
|
0 |
|a Body language in literature.
|
| 700 |
1 |
|
|a Homan, Sidney,
|d 1938-
|
| 999 |
|
|
|a MARS
|
| 999 |
f |
f |
|s 185b4cce-862e-3032-8439-f7e5528db755
|i 3aefc681-f15d-3b20-961c-128a702352f4
|t 0
|
| 952 |
f |
f |
|p normal
|a Texas A&M University
|b College Station
|c Sterling C. Evans Library
|d Evans: Library Stacks
|t 0
|e PR2995 .S5
|h Library of Congress classification
|i unmediated -- volume
|m A14806184215
|
| 998 |
f |
f |
|a PR2995 .S5
|t 0
|l Evans: Library Stacks
|